Tennis par lettre - B - Statistiques

Statistiques générales
  • Ce quiz a été pris 107 fois
  • Le résultat moyen est 7 sur 10
Statistiques - réponses
Questions Réponses % Correct
Quel génie suédois des années 1970-1980 a connu une grande rivalité avec John Mcenroe ? Bjorn Borg
99%
De quel pays sont originaires les tennismen David Goffin et Zizou Bergs ? Belgique
94%
Quelle est la nationalité de la numéro 1 mondiale en 2025 ? Biélorusse
86%
Quelle joueuse française a bénéficié d'une wild card lors de Roland-Garros 2025, lui permettant d'accéder à la demi finale ? Loïs Boisson
80%
Quel joueur kazakh est connu pour son jeu très fantasque ? Alexander Bublik
72%
Quel joueur allemand, bon joueur de gazon était surnommé "Boum-Boum" ? Boris Becker
71%
En 2025, quel joueur portugais est le mieux classé au classement ATP ? Nuno Borges
62%
Quelle joueuse de tennis australienne a remporté l'Open d'Australie en 2022 ? Ashleigh Barty
59%
Quel tennisman argentin a fait les frais de Gaël Monfils au 1er tour de Roland-Garros en 2023 ? Sebastian Baez
59%
Quel tennisman a remporté la Coupe Davis avec l'Espagne en 2019, aux côtés de Rafael Nadal ? Roberto Bautista-Agut
49%
Aucun quiz correspondant
Distribution des résultats
% des personnes avec chaque résultat
Percentile par nombre de réponses
Votre historique - résultats
Vous n’avez pas pris ce quiz